King of Queens Quiz - Statistics

General Stats
  • This quiz has been taken 445 times
  • The average score is 8 of 11
Answer Stats
Hint Answer % Correct
Kevin James Character Doug Heffernan
97%
Leah Remini Character Carrie Heffernan
95%
City it takes place in Rego Park, Queens
93%
Father who lives with Heffernans Arthur
92%
Kevin James works as a IPS Driver
84%
Leah's job Legal Secretary
72%
What is Kevin's best friends name? Deacon
71%
Leah's dads walker first name Holly
64%
Kevin's sister is what? (job) Substitute Gym Teacher
44%
Kevin befriends this animal and makes him a vegetarian Chicken
41%
What does Kevin's character get the construction workers to do to Leah? Whistle at her
40%
No matching quizzes found
Score Distribution
Percent of People with Each Score
Percentile by Number Answered
Your Score History
You have not taken this quiz